000 00645nam a2200253Ia 4500
001 7682
005 20240113234029.0
007 ta
008 050711s1983 g b000 u hin u
020 _cHB
040 _aCotton College Assam
041 _ahin
082 _a891.43108
_bSi 61 Bi
100 _aSingh, Vijaypal .
245 0 _aBihari Saurabh /
_cVijaypal Singh.
_hTextual Documents
250 _a2nd ed. /
260 _aBaranasi :
_bSanjoy Book Center ,
_c1983.
300 _a131p. ;
_c21cm.
653 _aHindi poetry-Collections
653 _aT/g-Hindi
942 _2ddc
_cBK
999 _c7669
_d7669